| 000 | 00975cam a2200289 a 4500 | ||
|---|---|---|---|
| 001 | 566040 | ||
| 003 | OSt | ||
| 005 | 20140310182257.0 | ||
| 008 | 891227s1990 nyu 000 1 eng | ||
| 010 | _a 89046568 | ||
| 020 |
_a9780091743208 _c$21.95 |
||
| 040 |
_aDLC _cDLC _dDLC |
||
| 050 | 0 | 0 |
_aPR 6054.E37 _b.D368sp 1990 |
| 082 | 0 | 0 |
_aFIC _bD36sp 1990 |
| 100 | 1 |
_aDeighton, Len, _d1929- _920415 |
|
| 245 | 1 | 0 |
_aSpy sinker / _cLen Deighton. |
| 250 | _a1st ed. | ||
| 260 |
_aNew York : _bHarperCollins, _cc1990. |
||
| 300 |
_a374 p. ; _c24 cm. |
||
| 650 | 0 |
_aSamson, Bernard (Fictitious character) _xFiction. _920416 |
|
| 650 | 0 |
_aIntelligence service _zGreat Britain _xFiction. _920417 |
|
| 655 | 7 |
_aSpy stories. _2gsafd _94765 |
|
| 906 |
_a7 _bcbc _corignew _d1 _eocip _f19 _gy-gencatlg |
||
| 942 |
_2lcc _cBK-FIC _kFIC |
||
| 999 |
_c11494 _d11494 |
||